Psicoses e neuroses (Registo nº 199029)

Detalhes MARC
000 -Etiqueta do registo
Valores 00574nam 22001933 4500
100 ## - Dados gerais de processamento
Dados gerais 20251113d u||y0pory50 ba
200 ## - Titulo e menção de responsabilidade
Título próprio Psicoses e neuroses
Primeira menção de responsabilidade Henri Baruk
Outras menções de responsabilidade tradução de Sílvia Machado de Carvalho
210 ## - Publicação
Local de publicação [s. l.]
Nome do editor Europa-América
Data de publicação imp. 1978
215 ## - Descrição física 
Paginação / Volumes 119, [9] p.
Outras indicações físicas brochado
Dimensões 18 cm
225 ## - Colecção 
Título próprio da colecção Saber
Número de parte ou secção 124
606 ## - Nome comum usado como assunto
ID Autoridade 927
Palavra de ordem Medicina
675 ## - CDU
Notação 61
Edição PT
Língua por
700 ## - Autor principal (pessoa individual)
ID Autoridade 14933
Apelido Baruk
Nome Henri
Datas 1897-1999
702 ## - Autor secundário (pessoa individual)
ID Autoridade 14934
Apelido Carvalho
Nome Sílvia Machado de
801 ## - Fonte de origem
País PT
Agência BMMN
Regras de catalogação RPC
830 ## - Notas gerais do catalogador
Criado por Vanda
990 ## - Elementos KOHA
Tipo de documento Livro
Exemplares
Situação do levantamento Biblioteca de origem Código de barras Cota Permissão de empréstimo Tipo de documento Forma de aquisição
  Biblioteca Municipal de Montemor-o-Novo 27711 61 BAR|DEP   Livro Compra

Powered by Koha